Exclusión, pobreza y derechos humanos en América Latina /
En el presente artículo se realiza un análisis sobre la exclusión, pobreza y desigualdad retomando aspectos político-ideológicos, económicos y sociales como base explicativa en el contexto latinoamericano.
Salvato in:
| Autore principale: | |
|---|---|
| Natura: | testo |
| Soggetti: | |
| Tags: |
Aggiungi Tag
Nessun Tag, puoi essere il primo ad aggiungerne!!
|
MARC
| LEADER | 00000 a a2200000 04500 | ||
|---|---|---|---|
| 001 | 42275 | ||
| 003 | |||
| 040 | |||
| 100 | |a Hernández Veráztica, América Elvira | ||
| 245 | |a Exclusión, pobreza y derechos humanos en América Latina / |c América Elvira Hernández Veráztica | ||
| 520 | |a En el presente artículo se realiza un análisis sobre la exclusión, pobreza y desigualdad retomando aspectos político-ideológicos, económicos y sociales como base explicativa en el contexto latinoamericano. | ||
| 590 | |a SJB/JUNIO2012 | ||
| 650 | |a 1.EXCLUSION SOCIAL | ||
| 650 | |a 2.SUBJETIVIDAD | ||
| 650 | |a 3.UTOPIA | ||
| 650 | |a 4.DISCRIMINACION | ||
| 650 | |a 5.DERECHOS HUMANOS | ||
| 650 | |a 6.ASPECTOS ECONOMICOS | ||
| 650 | |a 7.POBREZA | ||
| 650 | |a 8.AMERICA LATINA | ||
| 773 | |g volumen64, número722 ( , 2009), páginas 439-450 | ||
| 999 | |c 31785 |d 31785 | ||
